1114 1540 1857 1925 1667 1917 1200 1066 1065 1550 1015 1525 1440 1611 1926 1766 1188 1185 1023 1065 1386 1604 1194 1583 1546 1406 1543 1208 1055 1870 1638 1020 1943 1872 1315 1657 1919 1287 1931 1374 1003 1037 1710 1528 1065 1747 1034 1530 1973 1943 1339 1990 1859 1371 1147 1265 1525 1696 1549 1000 1623 1317 1514 1633 1248 1775 1173 1846 1041 1822 1962 1339 1390 1721 1260 1552 1468 1539 1717 1468 1747 1553 1007 1953 1615 1237 1861 1062 1613 1189 1504 1756 1611 1954 1466 1292 1664 1133 1243 BCNSPRNW ULIB Ver.6.0+V

เปลี่ยนเป็นภาษาไทย

Change to English
 แสดงรายละเอียดบรรณานุกรม
  กลับหน้าหลัก

Brief Record : Get Marc (ISO 2709) : E-mail record : QR code < ปิดหน้าต่าง
LEADER : 00000nam 2200000uu 4500
001    13399128440
003     ULIB
008    230828s||||||||th 000 0 tha d
020    ^a9786165901192
060  4 ^aWY152^bจ483ผ
100 0  ^aจินตนา สุวิทวัส
245 10 ^aผู้สูงอายุ :^bโภชนาการและการพยาบาล /^cจินตนา สุวิทวัส
250    ^aพิมพ์ครั้งที่ 1
260    ^aขอนแก่น :^bเพ็ญพริ้นติ้ง,^c2565
300    ^a121 หน้า :^bภาพประกอบ
500    ^aบรรณานุกรม : จินตนา สุวิทวัส. (2565). ผู้สูงอายุ : โภชนาการและการพยาบาล. ขอนแก่น : เพ็ญพริ้นติ้ง.
505 0  ^a^tบทที่ 1 ประชากรผู้สูงอายุและภาวะโภชนาการในผู้สูงอายุ --^tบทที่ 2 การเปลี่ยนแปลงทางร่างกาย จิตใจ อารมณ์และสังคมในผู้สูงอายุ --^tบทที่ 3 การประเมินภาวะโภชนาการผู้สูงอายุ --^tบทที่ 4 ความต้องการพลังงาน สารอาหาร เส้นใยอาหารและน้ำในผู้สูงอายุ --^tบทที่ 5 การบริโภคอาหารในผู้สูงอายุ --^tบทที่ 6 การใช้กระบวนการพยาบาลในการพยาบาลด้านโภชนาการสำหรับผู้สูงอายุุ
650  7 ^aการพยาบาลผู้สูงอายุ
650  7 ^aโภชนาการ
650  7 ^aผู้สูงอายุ^xโภชนาการ
856    ^a^zผู้สูงอายุ โภชนาการและการพยาบาล (10053509).pdf (สารบัญหนังสือ)^uhttp://61.19.69.198/ULIB//_fulltext/Content ::/13399138214/20220922084752_2303.pdf
945    ^p250^l0^i29621
945    ^p250^l0^i29622
945    ^p250^l0^i29623
945    ^p250^l0^i29624
945    ^p250^l0^i29625
999    ^aกัณชพร จุลอักษร
รายการนี้ยังไม่มีแท็ก
คุณยังไม่ได้ล็อกอิน คุณสามารถมีกิจกรรมร่วมกับเว็บไซต์ได้ แต่ต้องล็อกอินก่อน ::
  ล็อกอิน

รายการสื่อสารสนเทศ

ลำดับที่ ประเภท เลขเรียก/บาร์โค้ด สถานที่ สถานะ
1. หนังสือสำรอง
หนังสือสำรอง
WY152 จ483ผ ฉ.1 
  Barcode: 29621
ห้องสมุดวิทยาเขตนครสวรรค์
►หนังสือทั่วไป:l:General Books
บนชั้น
2. วิทยาศาสตร์การแพทย์ และสุขภาพ
วิทยาศาสตร์การแพทย์ และสุขภาพ
WY152 จ483ผ ฉ.2 
  Barcode: 29622
ห้องสมุดวิทยาเขตนครสวรรค์
►หนังสือทั่วไป:l:General Books
บนชั้น
3. วิทยาศาสตร์การแพทย์ และสุขภาพ
วิทยาศาสตร์การแพทย์ และสุขภาพ
WY152 จ483ผ ฉ.3 
  Barcode: 29623
ห้องสมุดวิทยาเขตนครสวรรค์
►หนังสือทั่วไป:l:General Books
บนชั้น
4. วิทยาศาสตร์การแพทย์ และสุขภาพ
วิทยาศาสตร์การแพทย์ และสุขภาพ
WY152 จ483ผ ฉ.4 
  Barcode: 29624
ห้องสมุดวิทยาเขตนครสวรรค์
►หนังสือทั่วไป:l:General Books
บนชั้น
5. วิทยาศาสตร์การแพทย์ และสุขภาพ
วิทยาศาสตร์การแพทย์ และสุขภาพ
WY152 จ483ผ ฉ.5 
  Barcode: 29625
ห้องสมุดวิทยาเขตนครสวรรค์
►หนังสือทั่วไป:l:General Books
บนชั้น

รายการใกล้เคียง
    ผู้แต่ง [จินตนา สุวิทวัส]

    หัวเรื่อง [การพยาบาลผู้สูงอายุ]
    หัวเรื่อง [โภชนาการ]

BibComment


ยังไม่เคยถูกคอมเมนท์

คอมเมนท์ทรัพยากรรายการนี้
  คอมเมนท์: ผู้สูงอายุ โภชน..


 Copyright 2026. Bcnsprnw @Library